| 000 | 01026nam a2200229 a 4500 | ||
|---|---|---|---|
| 001 | 000385291 | ||
| 003 | AM-YeHGA | ||
| 005 | 20250617132207.0 | ||
| 008 | 041119s1983 |||a r 000 0 rus d | ||
| 040 | _aAM-YeHGA | ||
| 041 | 0 | _arus | |
| 100 | 1 | _aБулдаков, Геннадий Никанорович. | |
| 245 | 1 | 0 |
_aГамбург : _bГорода - побратимы Ленинграда / _cГ.Н. Булдаков, Н.Я. Лейбошиц; Ленингр. орг. Союза архитекторов СССР. |
| 260 |
_aЛенинград : _bСтройиздат. Ленингр. отд-ние, _c1983. |
||
| 300 |
_a102 с. : _bил. |
||
| 650 | 1 | 4 | _aНемецкая архитектура |
| 653 | 0 | _aГамбург - Архитектура | |
| 653 | 0 | _aГорода - Архитектура - Гамбург | |
| 700 | 1 | _aЛейбошиц, Нелли Яковлевна | |
| 710 | 2 | _aЛенинградская организация Союза архитекторов СССР | |
| 090 | _c148124 | ||
| 999 |
_c146737 _d146737 |
||